000 00435pab a2200181 454500
008 180718b2006 xxu||||| |||| 00| 0 eng d
100 _aMoses, Tally
245 _aSocial workers' attitudes about psychotropic drug treatment with youths
260 _c2006
300 _ap.211-22.
362 _aJul
650 _aDrugs
650 _aYouth
700 _aKirk, Stuart A.
773 _aSocial Work
908 _aN
909 _a78483
999 _c78483
_d78483